000
00353nam a2200169Ia 4500
100
_a
Jhingan/ M.L.
650
_a
General
250
_a
11
942
_c
BK
654
_a
economic theory
245
_a
Advanced Economic Theory
260
_b
Vrinda publication
_c
1997
082
_a
338.9
_b
JHI
300
_a
1112
546
_a
ENGLISH
999
_c
34538
_d
34538